1904 1288 1756 1881 1769 1875 1960 1071 1865 1604 1969 1216 1297 1386 1211 1518 1087 1300 1027 1542 1276 1238 1462 1093 1780 1734 1563 1009 1115 1716 1326 1443 1039 1256 1925 1864 1215 1438 1411 1004 1228 1938 1690 1652 1343 1133 1601 1082 1319 1708 1136 1446 1672 1029 1415 1273 1774 1436 1157 1269 1455 1169 1979 1696 1591 1542 1975 1079 1873 1729 1143 1932 1212 1379 1455 1871 1050 1966 1292 1326 1064 1610 1858 1685 1798 1018 1415 1857 1317 1999 1884 1682 1909 1963 1308 1082 1157 1411 1380 BCNSPRNW ULIB Ver.6.0+V

เปลี่ยนเป็นภาษาไทย

Change to English
 แสดงรายละเอียดบรรณานุกรม
  กลับหน้าหลัก

Brief Record : Get Marc (ISO 2709) : E-mail record : QR code < ปิดหน้าต่าง
LEADER : 00000nam 2200000uu 4500
001    13399126503
003     ULIB
008    020711s2017 th a 000 0 eng d
020    ^a9781496347831
060    ^aWY48.6^bP541S
100    ^aLINDA LEE PHELPS
245    ^aSPARKS & TAYLOR NURSING DIAGNOSIS REFERENCE MANUAL
250    ^a10th ed
260    ^aPhiladelphia :^bWolters Kluwer,^c2017
300    ^a936 pages;^b26 cm
650    ^aNursing diagnosis-Handbooks
650    ^aNursing
650    ^aAssessment & Diagnosis
945    ^p2108^l0^i004672
999    ^aประนอม เกษจรัล
รายการนี้ยังไม่มีแท็ก
คุณยังไม่ได้ล็อกอิน คุณสามารถมีกิจกรรมร่วมกับเว็บไซต์ได้ แต่ต้องล็อกอินก่อน ::
  ล็อกอิน

รายการสื่อสารสนเทศ

ลำดับที่ ประเภท เลขเรียก/บาร์โค้ด สถานที่ สถานะ
1. Book การพยาบาล
หนังสือสำรอง
สถานะ=หนังสือสำรอง
WY48.6 P541S ฉ.1 
  Barcode: 004672
ห้องสมุดวิทยาเขตสวรรค์ประชารักษ์
►หนังสือทั่วไป
บนชั้น

รายการใกล้เคียง
    ชื่อเรื่อง [SPARKS & TAYLOR NURSING DIAGNOSIS REFERENCE MANUAL]

    ผู้แต่ง [LINDA LEE PHELPS]

    หัวเรื่อง [Nursing diagnosis-Handbooks]
    หัวเรื่อง [Nursing]
    หัวเรื่อง [Assessment & Diagnosis]

BibComment


ยังไม่เคยถูกคอมเมนท์

คอมเมนท์ทรัพยากรรายการนี้
  คอมเมนท์: SPARKS TAYLOR N..


 Copyright 2026. Bcnsprnw @Library